000 00672nam a22002417a 4500
003 UA-OsUOA
001 28429
007 ta
008 20050324b un ||||| |||| 00| 0 ukr d
090 _a316+159.9(08)
_bС69
942 _cBK
040 _aUA-OsUOA
_brus
_cUA-OsUOA
_dUA-OsUOA
245 _aСоциология и психология управления
_bСборник научных статей
_cРед. Л. И.Михайлова
300 _a180 с.
955 _a0
041 _arus
080 _a316+159.9(08)
020 _a5-9502-0077-02
260 _aМ.
_bВузовская книга
_c2003
044 _aRU
650 7 _2UDC
999 _c314796
_d314796